Full 2021 NFL Draft - Statistics

General Stats
  • This quiz has been taken 1,266 times
    1,260 since last reset
  • The average score is 75 of 259
Answer Stats
Pick Team Position School Answer % Correct
1 Jaguars QB Clemson Trevor Lawrence
99%
2 Jets QB BYU Zach Wilson
98%
5 Bengals WR LSU Ja'Marr Chase
96%
136 Cardinals CB Florida Marco Wilson
96%
3 49ers QB North Dakota State Trey Lance
96%
10 Eagles WR Alabama Devonta Smith
95%
4 Falcons TE Florida Kyle Pitts
95%
139 Bengals OT East Carolina D'Ante Smith
94%
116 Giants EDGE Northern Iowa Elerson Smith
94%
121 Jaguars DE UAB Jordan Smith
94%
15 Patriots QB Alabama Mac Jones
94%
204 Panthers WR South Carolina Shi Smith
94%
226 Chiefs OG Tennessee Trey Smith
94%
103 Rams LB South Carolina Ernest Jones
93%
6 Dolphins WR Alabama Jaylen Waddle
93%
11 Bears QB Ohio State Justin Fields
93%
90 Vikings DE Pitt Patrick Jones II
93%
153 Browns LB West Virginia Tony Fields II
92%
12 Cowboys LB Penn State Micah Parsons
89%
9 Broncos CB Alabama Pat Surtain II
89%
7 Lions OT Oregon Penei Sewell
87%
141 Rams WR UCF Jacob Harris
84%
24 Steelers RB Alabama Najee Harris
84%
8 Panthers CB South Carolina Jaycee Horn
81%
25 Jaguars RB Clemson Travis Etienne
77%
20 Giants WR Florida Kadarius Toney
76%
246 Washington EDGE Penn State Shaka Toney
75%
27 Ravens WR Minnesota Rashod Bateman
70%
13 Chargers OT Northwestern Rashawn Slater
68%
35 Broncos RB North Carolina Javonte Williams
67%
183 Falcons CB Boise State Avery Williams
66%
73 Eagles DT Louisiana Tech Milton Williams
66%
201 Giants CB Oklahoma State Rodarius Williams
66%
219 Broncos WR Auburn Seth Williams
66%
17 Raiders OT Alabama Alex Leatherwood
63%
14 Jets OG USC Alijah Vera-Tucker
63%
128 Steelers OT Texas A&M Dan Moore Jr
62%
34 Jets WR Ole Miss Elijah Moore
62%
155 49ers OG Western Michigan Jaylon Moore
62%
49 Cardinals WR Purdue Rondale Moore
62%
19 Washington LB Kentucky Jamin Davis
59%
89 Texans WR Michigan Nico Collins
59%
16 Cardinals LB Tulsa Zaven Collins
59%
165 Colts S Florida Shawn Davis
58%
86 Vikings OG Ohio State Wyatt Davis
58%
18 Dolphins EDGE Miami Jaelen Phillips
57%
112 Lions WR USC Amon-Ra St. Brown
55%
117 Rams DT Texas A&M Bobby Brown III
55%
22 Titans CB Virginia Tech Caleb Farley
55%
193 Panthers OG Alabama Deonte Brown
55%
82 Washington WR North Carolina Dyami Brown
55%
174 Rams EDGE Northwestern Earnest Brown IV
55%
26 Browns CB Northwestern Greg Newsome II
55%
21 Colts DE Michigan Kwity Paye
55%
93 Bills OT Northern Iowa Spencer Brown
55%
137 Seahawks CB Oklahoma Tre Brown
55%
221 Bears WR North Carolina Dazz Newsome
54%
23 Vikings OT Virginia Tech Christian Darrisaw
51%
67 Texans QB Stanford Davis Mills
51%
29 Packers CB Georgia Eric Stokes
51%
30 Bills DE Miami Greg Rousseau
50%
64 Buccaneers QB Florida Kyle Trask
50%
31 Ravens EDGE Penn State Jayson Oweh
46%
66 Vikings QB Texas A&M Kellen Mond
46%
55 Steelers TE Penn State Pat Freiermuth
46%
36 Dolphins S Oregon Jevon Holland
44%
140 Steelers LB Texas A&M Buddy Johnson
43%
63 Chiefs C Oklahoma Creed Humphrey
43%
164 Broncos S Indiana Jamar Johnson
43%
234 Eagles EDGE Tulane Patrick Johnson
43%
32 Buccaneers EDGE Washington Joe Tryon
42%
207 Jets DT Arkansas Jonathan Marshall
41%
59 Panthers WR LSU Terrace Marshall Jr
41%
37 Eagles C Alabama Landon Dickerson
40%
47 Chargers CB Florida State Asante Samuel Jr
39%
38 Patriots DT Alabama Christian Barmore
38%
28 Saints DE Houston Payton Turner
38%
43 Raiders S TCU Trevon Moehrig
38%
39 Bears OT Oklahoma State Teven Jenkins
37%
57 Rams WR Louisville Tutu Atwell
37%
58 Chiefs LB Missouri Nick Bolton
36%
209 Jaguars WR Georgia Tech Jalen Camp
35%
52 Browns LB Notre Dame Jeremiah Owusu-Koramoah
35%
107 Jets RB North Carolina Michael Carter
35%
154 Jets DB Duke Michael Carter II
35%
33 Jaguars CB Georgia Tyson Campbell
35%
88 49ers RB Ohio State Trey Sermon
34%
85 Packers WR Clemson Amari Rodgers
32%
50 Giants EDGE Georgia Azeez Ojulari
32%
56 Seahawks WR Western Michigan D'Wayne Eskridge
31%
133 Saints QB Notre Dame Ian Book
31%
224 Eagles S LSU JaCoby Stevens
30%
191 Eagles DE Coastal Carolina Tarron Jackson
30%
123 Eagles CB Texas Tech Zech McPhearson
30%
149 Bengals K Florida Evan McPherson
29%
203 Bills WR Houston Marquez Stevenson
29%
120 Patriots RB Oklahoma Rhamondre Stevenson
29%
71 Giants CB UCF Aaron Robinson
28%
126 Panthers RB Oklahoma State Chuba Hubbard
28%
134 Vikings DE Florida State Janarius Robinson
28%
40 Falcons S UCF Richie Grant
28%
51 Washington OT Texas Samuel Cosmi
28%
77 Chargers WR Tennessee Josh Palmer
27%
42 Dolphins OT Notre Dame Liam Eichenberg
27%
45 Jaguars OT Stanford Walker Little
27%
60 Saints LB Ohio State Pete Werner
26%
194 49ers RB Louisiana Lafayette Elijah Mitchell
25%
44 Cowboys CB Kentucky Kelvin Joseph
25%
83 Panthers TE Notre Dame Tommy Tremble
25%
65 Jaguars S Syracuse Andre Cisco
24%
46 Bengals OT Clemson Jackson Carman
24%
62 Packers C Ohio State Josh Myers
24%
87 Steelers OL Illinois Kendrick Green
24%
91 Browns WR Auburn Anthony Schwartz
23%
61 Bills DE Wake Forest Carlos Basham Jr
23%
72 Lions DT NC State Alim McNeil
22%
53 Titans OT North Dakota State Dillon Radunz
22%
69 Bengals EDGE Texas Joseph Ossai
22%
41 Lions DT Washington Levi Onwuzurike
22%
218 Colts QB Texas Sam Ehlinger
22%
48 49ers OG Notre Dame Aaron Banks
21%
147 Texans TE Miami Brevin Jordan
21%
68 Falcons OT Michigan Jalen Mayfield
21%
102 49ers CB Michigan Ambry Thomas
19%
257 Lions RB Oregon State Jermar Jefferson
19%
150 Eagles RB Memphis Kenneth Gainwell
19%
256 Packers RB Mississippi State Kylin Hill
19%
162 Chiefs TE Duke Noah Gray
19%
76 Saints CB Stanford Paulson Adebo
19%
98 Broncos OL Wisconsin-Whitewater Quinn Meinerz
19%
190 Bengals C Georgia Trey Hill
19%
74 Washington CB Minnesota Benjamin St-Juste
18%
115 Cowboys LB LSU Jabril Cox
18%
70 Panthers OT BYU Brady Christensen
17%
108 Falcons CB San Diego State Darren Hall
17%
81 Dolphins TE Boston College Hunter Long
17%
202 Bengals RB Michigan Chris Evans
15%
131 Ravens WR Oklahoma State Tylan Wallace
15%
105 Broncos LB Ohio State Baron Browning
14%
78 Vikings LB North Carolina Chazz Surratt
14%
181 Chiefs WR Clemson Cornell Powell
14%
54 Colts DE Vanderbilt Dayo Odeyingbo
14%
101 Lions DB Syracuse Ifeatu Melifonwu
14%
217 Bears RB Virginia Tech Khalil Herbert
14%
96 Patriots EDGE Oklahoma Ronnie Perkins
14%
80 Raiders S Virginia Tech Divine Deablo
12%
129 Buccaneers WR North Texas Jaelon Darden
12%
166 Panthers CB Washington Keith Taylor
12%
254 Steelers P Georgia Tech Pressley Harvin III
12%
97 Chargers TE Georgia Tre' McKitty
12%
94 Ravens OG Georgia Ben Cleveland
11%
113 Lions LB Purdue Derrick Barnes
11%
109 Titans WR Louisville Dez Fitzpatrick
11%
100 Titans DB Washington Elijah Molden
11%
157 Vikings WR Iowa Ihmir Smith-Marsette
11%
124 Washington TE Boise State John Bates
11%
119 Vikings RB Iowa State Kene Nwangwu
11%
99 Cowboys CB Oregon State Nahshon Wright
11%
75 Cowboys DT UCLA Osa Odighizuwa
11%
160 Ravens DB Ohio State Shaun Wade
11%
184 Ravens FB Michigan Ben Mason
10%
258 Washington WR BYU Dax Milne
10%
236 Bills OG Texas Tech Jack Anderson
10%
180 49ers S USC Talanoa Hufanga
10%
152 Broncos S Texas Caden Sterns
9%
225 Washington LS Michigan Camaron Cheeseman
9%
158 Panthers DT Iowa Daviyon Nixon
9%
114 Falcons C Stanford Drew Dalman
9%
110 Browns OT Cincinnati James Hudson
9%
106 Jaguars DT USC Jay Tufele
9%
255 Saints WR South Alabama Kawaan Baker
9%
206 Saints OT Kentucky Landon Young
9%
79 Raiders EDGE Buffalo Malcolm Koonce
9%
92 Titans LB Georgia Monty Rice
9%
216 Steelers EDGE Miami Quincy Roche
9%
242 Patriots WR UCF Tre Nixon
9%
104 Ravens DB SMU Brandon Stephens
8%
172 49ers CB Oregon Deommodore Lenoir
8%
233 Rams RB Maryland Jake Funk
8%
239 Broncos EDGE Ohio State Jonathan Cooper
8%
144 Chiefs EDGE Florida State Joshua Kaindoh
8%
127 Colts TE SMU Kylen Granson
8%
179 Cowboys WR Standford Simi Fehoko
8%
177 Patriots LB Michigan Cam McGrone
7%
84 Cowboys DE Iowa Chauncey Golston
7%
118 Chargers EDGE Duke Chris Rumph II
7%
212 Bills S Pitt Damar Hamlin
7%
211 Browns RB UCLA Demetric Felton
7%
187 Falcons WR Arizona State Frank Darby
7%
156 Steelers DL Wisconsin Isaiahh Loudermilk
7%
138 Cowboys OT Marshall Josh Ball
7%
198 Chargers RB Missouri Larry Rountree III
7%
95 Buccaneers OL Notre Dame Robert Hainsey
7%
148 Falcons DT Texas Ta'Quon Graham
7%
223 Cardinals CB UCF Tay Gowan
7%
228 Bears CB Oregon Thomas Graham Jr
7%
132 Browns DT Ohio State Tommy Togiai
7%
240 Washington EDGE Baylor William Bradley-King
7%
168 Vikings TE Central Missouri Zach Davidson
7%
249 Rams WR Notre Dame Ben Skowronek
6%
111 Bengals DL Tulane Cameron Sample
6%
259 Buccaneers LB Houston Grant Stuard
6%
220 Packers LB Boston College Isaiah McDuffie
6%
250 Bears DT BYU Khyiris Tonga
6%
151 Bears OL Missouri Larry Borom
6%
145 Jaguars TE Ohio State Luke Farrell
6%
167 Raiders CB Illinois Nate Hobbs
6%
205 Titans WR LSU Racey McMath
6%
135 Titans EDGE Pitt Rashad Weaver
6%
169 Browns S Georgia Richard LeCounte
6%
142 Packers OG Ole Miss Royce Newman
6%
178 Packers CB Appalachian State Shemar Jean-Charles
6%
208 Seahawks OT Florida Stone Forsythe
6%
173 Packers DT Flordia Tedarrell Slaton
6%
122 Bengals DT LSU Tyler Shelvin
6%
200 Jets CB Kentucky Brandin Echols
5%
125 Vikings CB California Camryn Bynum
5%
214 Packers OT Wisconsin Cole Van Lanen
5%
163 Washington S Cincinnati Darrick Forrest
5%
196 Giants RB Arizona Gary Brightwell
5%
186 Jets S Florida State Hamsah Nasirildeen
5%
146 Jets S Auburn Jamien Sherwood
5%
199 Vikings DT Pitt Jaylen Twyman
5%
176 Buccaneers LB Auburn KJ Britt
5%
213 Bills CB Wisconsin Rachad Wildgoose
5%
130 Rams CB Central Arkansas Robert Rochell
5%
143 Raiders S Missouri Tyree Gillespie
5%
215 Titans S Oregon Brady Breeze
4%
159 Chargers OT Nebraska Brenden Jaimes
4%
171 Ravens EDGE Notre Dame Daelin Hayes
4%
244 Dolphins RB Cincinnati Gerrid Doaks
4%
227 Cowboys DB South Carolina Israel Mukuamu
4%
243 Cardinals S Cincinnati James Wiggins
4%
188 Patriots S Missouri Joshuah Bledsoe
4%
237 Broncos CB LSU Kary Vincent Jr
4%
231 Dolphins OT UMass Larnel Coleman
4%
229 Colts WR Charleston (WV) Mike Strachan
4%
192 Cowboys DT Kentucky Quinton Bohanna
4%
195 Texans DT Arizona Roy Lopez
4%
161 Bills OT Miami Ohio Tommy Doyle
4%
245 Steelers CB Oklahoma Tre Norwood
4%
197 Patriots OT Colorado William Sherman
4%
235 Bengals EDGE Kansas State Wyatt Hubert
4%
252 Rams EDGE Concordia St. Paul Chris Garrett
3%
170 Texans LB TCU Garrett Wallow
3%
175 Jets CB Pitt Jason Pinnock
3%
241 Chargers S Georgia Mark Webb
3%
189 Eagles DT USC Marlon Tuipulotu
3%
253 Broncos DL Mississippi State Marquiss Spencer
3%
238 Cowboys OG Nebraska Matt Farniok
3%
247 Cardinals C Penn State Michael Menet
3%
185 Chargers LB Iowa Nick Niemann
3%
222 Panthers LS Alabama Thomas Fletcher
3%
210 Cardinals EDGE Duke Victor Dimukeje
3%
248 Colts OT Penn State Will Fries
3%
182 Falcons EDGE Notre Dame Adetokunbo Ogundeji
2%
251 Buccaneers CB BYU Chris Wilcox
2%
230 Raiders C Pitt Jimmy Morrissey
2%
232 Panthers DT Kentucky Phil Hoskins
2%
No matching quizzes found
Score Distribution
Percent of People with Each Score
Percentile by Number Answered
Your Score History
You have not taken this quiz since the last reset